|
|
|
|
| LEADER |
01054nam a22002532a 4500 |
| 001 |
000125888 |
| 003 |
CZ BrMZK |
| 005 |
20150527090131.0 |
| 007 |
ta |
| 008 |
950101s1981 xxu f eng d |
| 020 |
|
|
|a 0-936570-04-0
|q (brož.)
|
| 040 |
|
|
|a BOA001
|b cze
|
| 080 |
|
|
|a 32(437)"19":92 Masaryk, Tomáš Garrigue
|2 MRF
|
| 100 |
1 |
|
|a Masaryk, Tomáš Garrigue,
|d 1850-1937
|7 jk01080472
|4 aut
|
| 245 |
1 |
0 |
|a T.G. Masaryk in perspective :
|b Comments and criticism ; Ed. by Milič Čapek and Karel Hrubý
|
| 260 |
|
|
|a [Washington] :
|b SVU Press,
|c 1981
|
| 300 |
|
|
|a 10, 282 s.
|
| 700 |
1 |
|
|a Čapek, Milíč,
|d 1909-1997
|7 jk01021030
|4 edt
|
| 700 |
1 |
|
|a Hrubý, Karel,
|d 1923-2021
|7 jn20001031016
|4 edt
|
| 910 |
|
|
|a BOA001
|b 2-0958.250
|
| 990 |
|
|
|a BK
|
| 996 |
7 |
|
|b 2619915885
|c 2-0958.250
|l MZK
|r Sklad / do 1 hodiny
|n 0
|w 000125888
|u 000020
|a 1
|e BOA001
|j MZK50
|s A
|
| 996 |
6 |
|
|b 2619915886
|c 2-0958.250
|l MZK
|r Sklad / do 1 hodiny
|n 0
|w 000125888
|u 000030
|a 1
|e BOA001
|j MZK50
|s P
|
| 996 |
7 |
|
|b 2619972497
|c 2-0958.250
|l MZK
|r Sklad / do 1 hodiny
|n 5
|w 000125888
|u 000010
|a 1
|e BOA001
|j MZK50
|s A
|